|
|
|
|
| LEADER |
00866nam a2200229 a 4500 |
| 001 |
GR-Patra33923 |
| 008 |
091119s2009 gr 001 b gre d |
| 020 |
|
|
|a 9789604612833
|
| 041 |
1 |
|
|a gre
|b eng
|
| 082 |
|
0 |
|a 158.1
|2 22
|
| 100 |
1 |
|
|a Carnegie, Dale,
|d 1888-1955
|
| 245 |
1 |
0 |
|a Πώς να απολαμβάνεις τη ζωή και τη δουλειά σου /
|c Dale Carnegie.
|
| 260 |
|
|
|a Αθήνα :
|b Κλειδάριθμος,
|c c2009
|
| 300 |
|
|
|a 280 σ. ;
|c 21 εκ.
|
| 650 |
|
0 |
|a Conduct of life
|
| 650 |
|
0 |
|a Success
|
| 650 |
|
4 |
|a Επιτυχία
|
| 650 |
|
4 |
|a Στάση ζωής
|
| 942 |
|
|
|2 ddc
|
| 952 |
|
|
|0 0
|1 0
|2 ddc
|4 0
|6 158_100000000000000_CAR
|7 1
|9 316176
|a LISK
|b LISK
|c BSC
|d 2021-01-17
|e 24
|f 0
|g 0.00
|l 0
|o 158.1 CAR
|p 92410051465
|r 2021-01-17 00:00:00
|t 1
|w 2021-01-17
|y BKN
|x 20130725 0 0
|x GrPaTEI
|
| 971 |
|
|
|a .b2681495x
|b 16-04-20
|c 27-09-16
|
| 999 |
|
|
|c 180071
|d 180071
|